Invertebrates in freshwater wetlands of North America : (Record no. 3913)
[ view plain ]
| 000 -LEADER | |
|---|---|
| fixed length control field | 01475pam a2200361 a 4500 |
| 001 - CONTROL NUMBER | |
| control field | 4981474 |
| 003 - CONTROL NUMBER IDENTIFIER | |
| control field | OSt |
| 005 - DATE AND TIME OF LATEST TRANSACTION | |
| control field | 20210915082048.0 |
| 008 - FIXED-LENGTH DATA ELEMENTS--GENERAL INFORMATION | |
| fixed length control field | 980812s1999 nyuab b 001 0 eng |
| 010 ## - LIBRARY OF CONGRESS CONTROL NUMBER | |
| LC control number | 98039322 |
| 020 ## - INTERNATIONAL STANDARD BOOK NUMBER | |
| International Standard Book Number | 0471292583 (cloth : alk. paper) |
| 040 ## - CATALOGING SOURCE | |
| Transcribing agency | HU |
| 043 ## - GEOGRAPHIC AREA CODE | |
| Geographic area code | n------ |
| 050 00 - LIBRARY OF CONGRESS CALL NUMBER | |
| Classification number | QL365.4.A1 |
| Item number | I58 1999 |
| 082 00 - DEWEY DECIMAL CLASSIFICATION NUMBER | |
| Classification number | 592.1768/097 |
| 245 00 - TITLE STATEMENT | |
| Title | Invertebrates in freshwater wetlands of North America : |
| Remainder of title | ecology and management / |
| Statement of responsibility, etc. | edited by Darold P. Batzer, Russell B. Rader, and Scott A. Wissinger. |
| 260 ## - PUBLICATION, DISTRIBUTION, ETC. | |
| Place of publication, distribution, etc. | New York : |
| Name of publisher, distributor, etc. | Wiley, |
| Date of publication, distribution, etc. | c1999. |
| 300 ## - PHYSICAL DESCRIPTION | |
| Extent | xviii, 1100 p. : |
| Other physical details | ill., maps ; |
| Dimensions | 25 cm. |
| 504 ## - BIBLIOGRAPHY, ETC. NOTE | |
| Bibliography, etc. note | Includes bibliographical references and indexes. |
| 650 #0 - SUBJECT ADDED ENTRY--TOPICAL TERM | |
| Topical term or geographic name entry element | Freshwater invertebrates |
| General subdivision | Ecology |
| Geographic subdivision | North America. |
| 9 (RLIN) | 3653 |
| 650 #0 - SUBJECT ADDED ENTRY--TOPICAL TERM | |
| Topical term or geographic name entry element | Wetland ecology |
| Geographic subdivision | North America. |
| 9 (RLIN) | 3654 |
| 650 #0 - SUBJECT ADDED ENTRY--TOPICAL TERM | |
| Topical term or geographic name entry element | Wetlands |
| Geographic subdivision | North America. |
| 9 (RLIN) | 3655 |
| 650 #0 - SUBJECT ADDED ENTRY--TOPICAL TERM | |
| Topical term or geographic name entry element | Wildlife conservation |
| Geographic subdivision | North America. |
| 9 (RLIN) | 3656 |
| 700 1# - ADDED ENTRY--PERSONAL NAME | |
| Personal name | Batzer, Darold P. |
| 9 (RLIN) | 3657 |
| 700 1# - ADDED ENTRY--PERSONAL NAME | |
| Personal name | Rader, Russell Ben. |
| 9 (RLIN) | 3658 |
| 700 1# - ADDED ENTRY--PERSONAL NAME | |
| Personal name | Wissinger, Scott A. |
| 9 (RLIN) | 3659 |
| 856 42 - ELECTRONIC LOCATION AND ACCESS | |
| Materials specified | Publisher description |
| Uniform Resource Identifier | <a href="http://www.loc.gov/catdir/description/wiley032/98039322.html">http://www.loc.gov/catdir/description/wiley032/98039322.html</a> |
| 856 4# - ELECTRONIC LOCATION AND ACCESS | |
| Materials specified | Table of Contents |
| Uniform Resource Identifier | <a href="http://www.loc.gov/catdir/toc/onix03/98039322.html">http://www.loc.gov/catdir/toc/onix03/98039322.html</a> |
| 906 ## - LOCAL DATA ELEMENT F, LDF (RLIN) | |
| a | 7 |
| b | cbc |
| c | orignew |
| d | 1 |
| e | ocip |
| f | 19 |
| g | y-gencatlg |
| 942 ## - ADDED ENTRY ELEMENTS (KOHA) | |
| Source of classification or shelving scheme | Dewey Decimal Classification |
| Koha item type | Books like text book referance book |
| Suppress in OPAC | No |
| Withdrawn status | Lost status | Source of classification or shelving scheme | Damaged status | Not for loan | Home library | Current library | Shelving location | Date acquired | Total Checkouts | Full call number | Barcode | Date last seen | Copy number | Price effective from | Koha item type |
|---|---|---|---|---|---|---|---|---|---|---|---|---|---|---|---|
| Dewey Decimal Classification | Natural & Computational Science Library | Natural & Computational Science Library | General Stacks | 09/15/2021 | 592.1768097 | NSCLIB00007560 | 09/15/2021 | 1 | 09/15/2021 | Books like text book referance book | |||||
| Dewey Decimal Classification | Natural & Computational Science Library | Natural & Computational Science Library | General Stacks | 09/15/2021 | 592.1768097 | NSCLIB00007561 | 09/15/2021 | 2 | 09/15/2021 | Books like text book referance book | |||||
| Dewey Decimal Classification | Natural & Computational Science Library | Natural & Computational Science Library | General Stacks | 09/15/2021 | 592.1768097 | NSCLIB00007562 | 09/15/2021 | 3 | 09/15/2021 | Books like text book referance book | |||||
| Dewey Decimal Classification | Natural & Computational Science Library | Natural & Computational Science Library | General Stacks | 09/15/2021 | 592.1768097 | NSCLIB00007563 | 09/15/2021 | 4 | 09/15/2021 | Books like text book referance book | |||||
| Dewey Decimal Classification | Natural & Computational Science Library | Natural & Computational Science Library | General Stacks | 09/15/2021 | 592.1768097 | NSCLIB00007564 | 09/15/2021 | 5 | 09/15/2021 | Books like text book referance book |